000 00459ntaaa2200181 4500
003 01
005 20251027201132.0
008 0714s1973 ag 01
040 _aAR-BaBN
_bspa
_cAR-BaBN
_eaacr
_dRIC
082 _a220 Ad3
100 _aAdeney, Walter F.
_91670
245 _aHow to read the Bible /
_cWalter F. Adeney
250 _a1 ed.
260 _as.l. :
_bJames Clarke and Co.,
_c1905
300 _a128 p.
650 _aBiblia-Estudio de la
942 _cBK
999 _c5571
_d5571